| 000 | 01332nam a22003497a 4500 | ||
|---|---|---|---|
| 003 | CHAP | ||
| 005 | 20220329143306.0 | ||
| 008 | 080226d2006 sp a r 00010 spa d | ||
| 010 | _a94507 | ||
| 011 | _a95479 | ||
| 020 | _a8420010731 | ||
| 035 | _a106105 | ||
| 040 | _cCHAP | ||
| 082 | 0 | 4 |
_a636.0824 _bG6y |
| 100 | 0 | 0 |
_aGordon, Ian. _950018 |
| 245 | 1 | 0 |
_aTecnología de la reproducción de los animales de granja _c/por Ian Gordon |
| 260 |
_aZaragoza, Esp. : _bAcribia, _c2006 |
||
| 300 |
_axvii, 441 p. : _bilus., gráfs., tablas, diagramas |
||
| 500 | _aTraducción de : Reproductive technologies in farm animals, c2004 | ||
| 590 |
_aBATCH-UPD _b10 _c20130110 _lUCH01 _h1645 |
||
| 590 |
_aBATCH-UPD _b10 _c20130410 _lUCH01 _h1035 |
||
| 590 |
_aBATCH-UPD _b10 _c20130914 _lUCH01 _h1505 |
||
| 590 |
_aCONVERSION _b10 _c20130109 _lUCH01 _h1352 |
||
| 650 | 1 | 4 |
_aAnimales domesticos _xReproduccion. _95915 |
| 650 | 1 | 4 |
_aGanado _xReproducción. _944951 |
| 650 | 1 | 4 |
_aReproducción animal. _996028 |
| 901 | _aBK | ||
| 942 | _cLIBRO | ||
| 949 |
_a636.0824 G6y _bBC _cLIBRO _d33724002048058 _eLIBRO _gI.c/e _h109108 _i106105 _si _t$1050.00 |
||
| 949 |
_a636.0824 G6y _bBC _cLIBRO _d33724002069785 _eLIBRO _fc.2 _gI. c/e _h109964 _i106105 _si _t$721.50 |
||
| 949 |
_a636.0824 G6y _bBC _cLIBRO _d33724002069827 _eLIBRO _fc.3 _gI. c/e _h109965 _i106105 _sb _t$721.50 |
||
| 999 |
_c94507 _d94507 |
||